Impuestos internos. Ley Nº 24.674 y sus modificaciones. Bebidas alcoholicas. Bebidas analcoholicas, jarabes, extractos y concentrados. Ley Nº 3.764, t.o. en 1979 y sus modificaciones (Registro nro. 15444)
[ vista simple ]
| 000 -LEADER | |
|---|---|
| fixed length control field | 00454 a2200109 4500 |
| 001 - CONTROL NUMBER | |
| control field | ART_18905 |
| 005 - DATE AND TIME OF LATEST TRANSACTION | |
| control field | 20260410161704.0 |
| 008 - FIXED-LENGTH DATA ELEMENTS--GENERAL INFORMATION | |
| fixed length control field | 260409a |
| 100 1# - MAIN ENTRY--PERSONAL NAME | |
| Personal name | Baldo, Alberto |
| 245 10 - TITLE STATEMENT | |
| Title | Impuestos internos. Ley Nº 24.674 y sus modificaciones. Bebidas alcoholicas. Bebidas analcoholicas, jarabes, extractos y concentrados. Ley Nº 3.764, t.o. en 1979 y sus modificaciones |
| 773 0# - HOST ITEM ENTRY | |
| Title | Revista Impuestos |
| Related parts | - Nº 3 (feb. 2010) |
| Record control number | REV639 |
No hay ítems disponibles.